| 000 | 00346 a2200133 4500 | ||
|---|---|---|---|
| 005 | 20250628054904.0 | ||
| 082 | _a651.3REI. | ||
| 100 | _aREID, G. A. | ||
| 245 | _a0ffice Procedures, | ||
| 250 | _a4th Ed. | ||
| 260 |
_aOttawa, _bHunter Rose Company, Toronto, _c1969. |
||
| 300 |
_aviii.; 536p.; Ill.; picture, _bGlossary, _c25cm. |
||
| 942 |
_2ddc _cBKS |
||
| 999 |
_c5803 _d5803 |
||